000
00287nam a2200121Ia 4500
005
20251222175918.0
008
251222s9999||||xx |||||||||||||| ||spa||
020
_a
8423413861
082
_a
338.52/C91
100
_a
Cros, Victor
245
0
_a
Cómo Fijar el Precio Óptimo:
942
_c
LIB
999
_c
40571
_d
40571